| 000 | 00480nam a2200145Ia 4500 | ||
|---|---|---|---|
| 020 | _a019577535X(hb) | ||
| 082 |
_a355 _bRAI _cN-01,P-146 |
||
| 100 |
_aRais, Rasul Bakhsh _937919 |
||
| 245 |
_aWar without winners _bAfghanistan's uncertain transition after the cold war |
||
| 260 |
_aNewyork _bOxford University Press _c1994 |
||
| 300 | _a286p | ||
| 526 |
_a0 _b0 _c0 _d355_000000000000000_RAI |
||
| 650 |
_aAfghanistan -- Politics and Government -- 1978 -- _937920 |
||
| 942 |
_2ddc _cBK |
||
| 999 |
_c542660 _d542660 |
||